| 000 | 00483nam a22001577a 4500 | ||
|---|---|---|---|
| 003 | OSt | ||
| 005 | 20140310181753.0 | ||
| 008 | 130628t xxu||||| |||| 00| 0 eng d | ||
| 050 |
_aGR 325 _b.V716 1998 |
||
| 082 |
_aFIL 899.211 _bV71 1998 |
||
| 100 | _aVillangca, Perlita | ||
| 245 |
_aMga alamat, pabula at marami pang kuwento : _bikalawang aklat / _cPerlita Villangca. |
||
| 260 |
_aMakati City : _bSSP Makati, _cc1998. |
||
| 300 |
_a95 p. _bill. ; _c20 cm. |
||
| 942 |
_2lcc _cBK _kFIL |
||
| 999 |
_c3321 _d3321 |
||